000 00191nam a2200085Ia 4500
008 120527s9999 xx 000 0 und d
100 _aWYRICK, J
245 _aSteps to writing well
942 _cBK
999 _c25474
_d25474